00989nam a22002177a 4500003000400000008004100004020001800045082001400063100002300077245002900100250000900129260002400138300001100162650001700173700002000190942001200210999001700222952017000239952019300409952016900602OSt250203b |||||||| |||| 00| 0 eng d a9789354667510 a615.1 KUG aKumar, Anoop. (Ed) aGlobal Pharmacovigilance a2nd  aN.DbCBS Pub.c2025 axx,148 aPharmacology aSharma, Ruchika 2ddccBK c13055d13055 00102ddc40708BPaPIETbPIETd2025-01-23eZafaa Books DistributresfIn Rupeesg450.00kZBDO449l0o615.1 KUGpBP2580r2025-02-03 00:00:00v292.50w2025-01-16yREF 00102ddc40708BPaPIETbPIETd2025-01-23eZafaa Books DistributresfIn Rupeesg450.00kZBDO449l1o615.1 KUGpBP2582q2026-01-05r2025-06-17 00:00:00s2025-06-17v292.50w2025-01-16yBK 00102ddc40708BPaPIETbPIETd2025-01-23eZafaa Books DistributresfIn Rupeesg450.00kZBDO449l0o615.1 KUGpBP2581r2025-02-03 00:00:00v292.50w2025-01-16yBK